Phương pháp luận nghiên cứu khoa học : Lưu hành nội bộ

保存先:
書誌詳細
第一著者: Nguyễn, Thị Thu Trang
フォーマット: Sách
言語:Undetermined
出版事項: Đại học Công nghiệp TP. Hồ Chí Minh 2020
主題:
タグ: タグ追加
タグなし, このレコードへの初めてのタグを付けませんか!
Thư viện lưu trữ: Trung tâm Thư viện - Trường Đại học Công nghiệp TP. Hồ Chí Minh
LEADER 00569nam a2200157Ia 4500
001 UIH_00220
008 230809s9999 xx 000 0 und d
082 |a 1.42 
100 |a Nguyễn, Thị Thu Trang 
245 0 |a Phương pháp luận nghiên cứu khoa học : Lưu hành nội bộ 
245 0 |c Nguyễn, Thị Thu Trang 
260 |b Đại học Công nghiệp TP. Hồ Chí Minh 
260 |c 2020 
650 |a Nghiên cứu; 
927 |a Sách 
980 |a Trung tâm Thư viện - Trường Đại học Công nghiệp TP. Hồ Chí Minh